[Event "Challenge"]
[Site "http://www.queenalice.com/game.php?id=453377"]
[Date "2008.8.25"]
[Round "-"]
[White "Matieu"]
[Black "JCOELHO"]
[Result "1-0"]
[WhiteElo "1704"]
[BlackElo "1871"]

1. d4 d5 2. c4 Nc6 3. cxd5 Qxd5 4. e3 e5 5. Nc3 Qa5 6. Bd2 Bf5 7. Nf3 Nb4 8. a3
Nc2+ 9. Ke2 Nxa1 10. Qxa1 O-O-O 11. g3 exd4 12. Nxd4 Bg4+ 13. f3 Bh5 14. Bh3+
Kb8 15. b4 Qe5 16. Ne4 Nf6 17. Nc6+ bxc6 18. Qxe5 Bd6 19. Nxd6 Rxd6 20. Bc3 Nd5
21. Qxg7 Re8 22. Bd4 Red8 23. Qe5 Bg6 24. Bc5 Re6 25. Bxe6 fxe6 26. e4 Nb6 27.
Bxb6 axb6 28. Rd1 Re8 29. Rd7 Rc8 30. Qxe6 c5 31. bxc5 Re8 32. Qb3 h5 33. cxb6
c6 34. Qa4 Kc8 35. Qa7 Rxe4+ 36. fxe4 Bxe4 37. Qc7# 1-0

[Event "Challenge"]
[Site "http://www.queenalice.com/game.php?id=465175"]
[Date "2008.9.18"]
[Round "-"]
[White "RAFAELI"]
[Black "Matieu"]
[Result "0-1"]
[WhiteElo "1804"]
[BlackElo "1883"]

1. e4 e6 2. a3 d5 3. e5 c5 4. c3 Nc6 5. Nf3 Nge7 6. d4 Qb6 7. dxc5 Qxc5 8. Be3
Qa5 9. b4 Qc7 10. Qa4 Nf5 11. Bf4 Bd7 12. Qd1 Be7 13. g3 O-O 14. h4 Rad8 15. h5
a5 16. g4 Nh6 17. Qc2 Nxg4 18. Ng5 Bxg5 19. Bxg5 Qxe5+ 20. Be3 Nxe3 21. fxe3
Qxe3+ 22. Be2 Rc8 23. Qd3 Qxd3 24. Bxd3 Ne5 25. Be2 axb4 26. axb4 Ra8 27. Na3
Rfc8 28. Kd2 f5 29. Rhg1 f4 30. h6 g6 31. Rg5 Nc4+ 32. Bxc4 Rxc4 33. Kc2 f3 34.
Kb2 Rf4 35. Rf1 Raf8 36. Nc2 R8f5 37. Rg3 e5 38. Ne3 e4 39. Nxf5 Bxf5 40. Kc1
Kf7 41. Kd2 Rg4 42. Rxg4 Bxg4 43. Ke3 Kf6 44. Kf4 Bh5 45. Rd1 Ke6 46. Ke3 g5 47.
b5 Ke5 48. Ra1 Kd6 49. Kd4 b6 50. Ra6 Kc7 51. Ra1 Kd6 52. Rf1 g4 53. Rh1 f2 54.
Ke3 g3 55. Rf1 g2 56. Kxf2 gxf1=Q+ 57. Kxf1 e3 58. Ke1 e2 59. Kd2 Kc5 60. Ke1
Kxb5 61. Kd2 Kc4 0-1

[Event "Challenge"]
[Site "http://www.queenalice.com/game.php?id=479498"]
[Date "2008.10.18"]
[Round "-"]
[White "Matieu"]
[Black "marcet"]
[Result "1-0"]
[WhiteElo "1805"]
[BlackElo "1893"]

1. d4 d5 2. c4 e6 3. Nc3 Bb4 4. e3 c6 5. a3 Bxc3+ 6. bxc3 Nf6 7. Bd3 Nbd7 8. Nf3
O-O 9. O-O c5 10. cxd5 exd5 11. Re1 c4 12. Bc2 b6 13. Ba4 Bb7 14. Bxd7 Qxd7 15.
Ne5 Qe6 16. Qf3 Ne4 17. Qg4 Qxg4 18. Nxg4 f6 19. a4 h5 20. f3 Ng5 21. Nf2 Kh7
22. Ba3 Rf7 23. e4 Re8 24. h4 Ne6 25. a5 b5 26. Bb4 Rg8 27. a6 Bc6 28. exd5 Bxd5
29. Ne4 g5 30. hxg5 Bxe4 31. fxe4 Rxg5 32. Rf1 Kg6 33. d5 Ng7 34. Ra5 Re5 35.
Rxb5 Ne8 36. Rb7 Rxe4 37. d6 Nxd6 38. Bxd6 Re2 39. Ra1 Re8 40. Rxf7 Kxf7 41. Bc5
Ra8 42. Re1 Re8 43. Rxe8 Kxe8 44. Bxa7 Kd8 45. Bd4 Kc8 46. a7 Kb7 47. Kf2 f5 48.
Kf3 1-0

[Event "Challenge"]
[Site "http://www.queenalice.com/game.php?id=480570"]
[Date "2008.10.21"]
[Round "-"]
[White "piemme"]
[Black "Matieu"]
[Result "0-1"]
[WhiteElo "1832"]
[BlackElo "1819"]

1. e3 d5 2. Nf3 Nc6 3. Bb5 Bd7 4. Nc3 Nf6 5. O-O e6 6. d4 a6 7. Bd3 Be7 8. b3
O-O 9. a4 Nb4 10. Na2 Nxd3 11. Qxd3 c5 12. Bb2 Rc8 13. Nc1 Qc7 14. Ba3 c4 15.
Qc3 Bxa3 16. Rxa3 cxb3 17. Qxb3 Qxc2 18. Qxb7 Rb8 19. Qxa6 Rb1 20. Qd3 Rxc1 21.
Qxc2 Rxc2 22. a5 Rfc8 23. h3 Rc1 24. Rxc1 Rxc1+ 25. Kh2 Ne4 26. Ra2 Nc3 27. Ra3
Nb5 28. Ra2 Kf8 29. a6 Na7 30. Ne5 Bb5 31. g4 f6 32. Nf3 Rc6 33. Nd2 Rxa6 34.
Rb2 Ke7 35. Kg3 Kd6 36. f4 Bc4 37. Rb7 Ra3 38. Kf3 Ra2 39. Nb1 Nb5 40. Rxg7 Bd3
41. Rf7 Bxb1 42. Rxh7 Bxh7 0-1

[Event "Challenge"]
[Site "http://www.queenalice.com/game.php?id=491027"]
[Date "2008.11.10"]
[Round "-"]
[White "MORTIMER"]
[Black "Matieu"]
[Result "0-1"]
[WhiteElo "1866"]
[BlackElo "1895"]

1. d4 d5 2. Nf3 Nf6 3. e3 e6 4. Bd3 c5 5. c3 Nc6 6. Nbd2 Be7 7. O-O O-O 8. Ne5
Qc7 9. f4 a6 10. g4 Nd7 11. g5 Ndxe5 12. fxe5 Bxg5 13. Nf3 Be7 14. Ne1 c4 15.
Bc2 f5 16. Qh5 Nxe5 17. dxe5 Qxe5 18. Rf3 g6 19. Qh6 Qg7 20. Qxg7+ Kxg7 21. b3
b5 22. a4 Bd7 23. Ba3 Bxa3 24. Rxa3 e5 25. Bd1 f4 26. Nc2 g5 27. Nb4 Be6 28. Nc6
Bg4 29. Nxe5 Bxf3 30. Bxf3 fxe3 31. Be2 Rf2 0-1

[Event "AUTO-OPEN-1331"]
[Site "http://www.queenalice.com/game.php?id=491069"]
[Date "2008.11.10"]
[Round "1"]
[White "chess4me"]
[Black "Matieu"]
[Result "0-1"]
[WhiteElo "1581"]
[BlackElo "1889"]

1. Nf3 Nf6 2. d4 d5 3. Bg5 e6 4. e3 Nbd7 5. Bd3 c5 6. c4 h6 7. Bh4 Be7 8. Nbd2
Qb6 9. b3 cxd4 10. Nxd4 Bb4 11. O-O Nc5 12. Bc2 Bxd2 13. Qxd2 dxc4 14. bxc4 Ncd7
15. Qd3 O-O 16. a4 Rd8 17. a5 Qd6 18. Ba4 e5 19. Bxd7 Rxd7 20. Bxf6 Qxf6 21.
Rfe1 exd4 22. e4 Rd8 23. e5 Qf5 24. Qxf5 Bxf5 25. Rad1 Rac8 0-1

[Event "AUTO-OPEN-1331"]
[Site "http://www.queenalice.com/game.php?id=491070"]
[Date "2008.11.10"]
[Round "1"]
[White "Matieu"]
[Black "chess4me"]
[Result "0-1"]
[WhiteElo "1916"]
[BlackElo "1785"]

1. d4 Nf6 2. c4 d5 3. cxd5 Qxd5 4. Nc3 Qd8 5. e4 e6 6. Bg5 Be7 7. e5 Nd5 8. Bxe7
Nxe7 9. Nf3 O-O 10. Bd3 Nbc6 11. O-O h6 12. a3 b6 13. Qd2 Bb7 14. Be2 Ng6 15.
Rac1 Rc8 16. Bc4 Na5 17. Be2 Nc6 18. Qc2 Nce7 19. Nb5 a6 20. Nc3 Nd5 21. Nxd5
Qxd5 22. Bc4 Qd8 23. Qd3 b5 24. Bb3 Nf4 25. Qc3 Nd5 26. Bxd5 Bxd5 27. Qe3 c6 28.
Rc5 Qc7 29. Rfc1 f6 30. exf6 Rxf6 31. Ne5 a5 32. Nxc6 Bxc6 33. Rxc6 Qxc6 34.
Rxc6 Rxc6 35. f4 Rc2 36. Qb3 Rc1+ 37. Kf2 Rxf4+ 38. Ke3 Rf6 39. Qxb5 Re1+ 40.
Kd3 Rd1+ 41. Kc3 Rc1+ 42. Kb3 Rf2 43. Qe8+ Kh7 44. Qxe6 Rxg2 45. Qe4+ Rg6 46. h4
h5 47. d5 Rg1 48. d6 Rd1 49. Qe5 Rdxd6 50. Qxh5+ Kg8 51. Qxa5 Rg3+ 52. Ka2 Rgg6
53. b4 Rg3 54. Qb5 Rd2+ 0-1

[Event "AUTO-OPEN-1331"]
[Site "http://www.queenalice.com/game.php?id=491089"]
[Date "2008.11.10"]
[Round "1"]
[White "marcao"]
[Black "Matieu"]
[Result "0-1"]
[WhiteElo "1766"]
[BlackElo "1869"]

1. d4 d5 2. f3 c6 3. Nc3 Nf6 4. Bf4 Bf5 5. e3 e6 6. Bd3 Bg6 7. Bxg6 hxg6 8. Bg5
Qd6 9. Bf4 Qb4 10. Rb1 Nbd7 11. a3 Qb6 12. Nge2 O-O-O 13. O-O Be7 14. b4 Rh4 15.
b5 Nh5 16. Ng3 Nxf4 17. exf4 Rdh8 18. h3 cxb5 19. Rxb5 Qd6 20. Nce2 Qxa3 21. Qb1
b6 22. Rb3 Qd6 23. Rc3+ Kb7 24. Qb2 g5 25. f5 e5 26. Ra1 exd4 27. Rca3 Ra8 28.
Qb5 Nc5 29. R3a2 a6 30. Qb2 d3 31. cxd3 Nxd3 32. Qxg7 Nf4 33. Qxf7 Qc5+ 34. Kh2
Rxh3+ 35. gxh3 Qf2+ 0-1

[Event "AUTO-OPEN-1331"]
[Site "http://www.queenalice.com/game.php?id=491090"]
[Date "2008.11.10"]
[Round "1"]
[White "Matieu"]
[Black "marcao"]
[Result "1-0"]
[WhiteElo "1855"]
[BlackElo "1766"]

1. d4 d5 2. c4 Nf6 3. cxd5 Qxd5 4. Nc3 Qd8 5. e4 Bg4 6. Be2 Bxe2 7. Ngxe2 e6 8.
O-O c6 9. f4 c5 10. Kh1 Nc6 11. dxc5 Bxc5 12. e5 Ng4 13. h3 Nf2+ 14. Rxf2 Bxf2
15. Qb3 Bb6 16. Ne4 O-O 17. Nd6 Qe7 18. Be3 Bxe3 19. Qxe3 h6 20. Ng3 f6 21. Nh5
f5 22. Qg3 Kh7 23. Qb3 b6 24. Rg1 g6 25. Ng3 h5 26. Rc1 Na5 27. Qd1 Qh4 28. Rc7+
Kg8 29. Ne2 Qf2 30. Nxf5 Rxf5 31. Qd7 Qe1+ 32. Kh2 Kf8 33. Qe7+ Kg8 34. Qg7# 1-0

[Event "AUTO-OPEN-1331"]
[Site "http://www.queenalice.com/game.php?id=491101"]
[Date "2008.11.10"]
[Round "1"]
[White "Matieu"]
[Black "emilioxadrez"]
[Result "1-0"]
[WhiteElo "1849"]
[BlackElo "1565"]

1. d4 Nf6 2. c4 e6 3. Nc3 g6 4. e4 Bg7 5. Nf3 O-O 6. Be2 Nc6 7. Ne5 Qe7 8. Nxc6
dxc6 9. e5 Nd7 10. O-O f6 11. exf6 Nxf6 12. Re1 Kh8 13. Bf4 Bd7 14. Bxc7 Rac8
15. Bf4 a6 16. Qd2 Qd8 17. Bh6 Qe7 18. Bxg7+ Qxg7 19. Rad1 Rcd8 20. Bf3 b5 21.
b3 Qe7 22. Ne4 Nxe4 23. Rxe4 Qf6 24. Qh6 Bc8 25. Re5 Bb7 26. Be4 Rxd4 27. Qxf8+
Qxf8 28. Rxd4 Qe7 29. Rd1 Kg7 30. cxb5 cxb5 31. Bxb7 Qxb7 32. Rxe6 a5 33. Rde1
Kh6 34. Re7 Qc6 35. h4 a4 36. bxa4 bxa4 37. g4 Qc8 38. f3 Qg8 39. Rc1 a3 40.
Rcc7 Qh8 41. g5+ 1-0

[Event "AUTO-OPEN-1331"]
[Site "http://www.queenalice.com/game.php?id=491102"]
[Date "2008.11.10"]
[Round "1"]
[White "emilioxadrez"]
[Black "Matieu"]
[Result "0-1"]
[WhiteElo "1524"]
[BlackElo "1864"]

1. e4 c5 2. Nf3 d6 3. d4 cxd4 4. Nxd4 Nf6 5. Nc3 g6 6. Be3 Bg7 7. Bc4 Qc7 8. Bd3
O-O 9. O-O Nc6 10. Qd2 Nxd4 11. Bxd4 Bd7 12. a3 Rac8 13. Rac1 Qa5 14. Qe3 Ng4
15. Qf3 Bxd4 16. b4 Qb6 17. Nd5 Bxf2+ 18. Rxf2 Qxf2+ 19. Qxf2 Nxf2 20. Kxf2 Bc6
21. c4 Bxd5 22. exd5 e6 23. Be4 f5 24. Bf3 e5 25. Be2 Kf7 26. g3 Kf6 27. Rc3 e4
28. Ke3 Ke5 29. b5 g5 30. Kf2 f4 31. gxf4+ gxf4 32. Bg4 Kd4 33. Rc2 Rxc4 34.
Rxc4+ Kxc4 0-1

[Event "AUTO-ADV-1104"]
[Site "http://www.queenalice.com/game.php?id=491288"]
[Date "2008.11.10"]
[Round "1"]
[White "Matieu"]
[Black "RobertD"]
[Result "1/2-1/2"]
[WhiteElo "1868"]
[BlackElo "1920"]

1. d4 g6 2. c4 Bg7 3. Nc3 c6 4. e4 e5 5. Nf3 exd4 6. Nxd4 Qb6 7. Nf3 Ne7 8. Bd3
O-O 9. O-O d5 10. cxd5 cxd5 11. Nxd5 Nxd5 12. exd5 Bg4 13. h3 Bxf3 14. Qxf3 Nd7
15. Re1 Rfe8 16. Rxe8+ Rxe8 17. Bc4 Qd6 18. Bf4 Be5 19. Re1 Kg7 20. Qe3 g5 21.
Bg3 f6 22. Bb5 Re7 23. Bxd7 Qxd7 24. Qc5 b6 25. Qa3 Bd6 26. Rxe7+ Bxe7 27. Qd3
Bd6 28. Bxd6 Qxd6 29. Kf1 h5 30. Ke2 Qe5+ 31. Kf3 Qf4+ 32. Ke2 Qd6 33. Ke3 Qe5+
34. Qe4 Qxb2 35. Qe7+ Kg6 36. Qe8+ Kg7 37. Qe7+ Kg6 38. Qe8+ Kg7 39. Qe7+
1/2-1/2

[Event "AUTO-ADV-1104"]
[Site "http://www.queenalice.com/game.php?id=491289"]
[Date "2008.11.10"]
[Round "1"]
[White "RobertD"]
[Black "Matieu"]
[Result "0-1"]
[WhiteElo "1909"]
[BlackElo "1854"]

1. d4 d5 2. e3 Nf6 3. Bd3 c6 4. Nf3 Bg4 5. h3 Bh5 6. Nc3 e6 7. Be2 Bb4 8. a3
Bxc3+ 9. bxc3 O-O 10. O-O Ne4 11. Bb2 f5 12. Ne5 Bxe2 13. Qxe2 Nd7 14. Kh2 Nxe5
15. dxe5 f4 16. Qg4 Qg5 17. Qxe6+ Kh8 18. exf4 Qxf4+ 19. Kg1 Rfe8 20. Qg4 Qxg4
21. hxg4 Rxe5 22. c4 Ree8 23. cxd5 cxd5 24. g3 Rad8 25. Bd4 a6 26. Kg2 Rc8 27.
Rac1 Rc4 28. c3 Rec8 29. Rfe1 Kg8 30. Re3 Rxd4 0-1

[Event "AUTO-ADV-1104"]
[Site "http://www.queenalice.com/game.php?id=491290"]
[Date "2008.11.10"]
[Round "1"]
[White "Matieu"]
[Black "superpato"]
[Result "1/2-1/2"]
[WhiteElo "1847"]
[BlackElo "1890"]

1. d4 d5 2. c4 c6 3. Nc3 Nf6 4. e3 Bg4 5. Be2 Bxe2 6. Qxe2 e6 7. Nf3 Be7 8. O-O
O-O 9. cxd5 cxd5 10. Bd2 Nbd7 11. Rac1 a6 12. a4 Re8 13. e4 dxe4 14. Nxe4 Nxe4
15. Qxe4 Qb6 16. Rc2 Nf6 17. Qe2 h6 18. Rfc1 Nd5 19. Qe4 Bf8 20. a5 Qd6 21. Ne5
Rab8 22. Qf3 Nf6 23. Qg3 g5 24. f4 Ne4 25. Qd3 Nxd2 26. Qxd2 f6 27. Ng6 Bg7 28.
Rc4 g4 29. f5 exf5 30. Nh4 Qe6 31. Qf2 Rbc8 32. Rxc8 Rxc8 33. Rxc8+ Qxc8 34.
Nxf5 Qc1+ 35. Qf1 Qxb2 36. Qe1 Kh7 37. Qe4 1/2-1/2

[Event "AUTO-ADV-1104"]
[Site "http://www.queenalice.com/game.php?id=491291"]
[Date "2008.11.10"]
[Round "1"]
[White "superpato"]
[Black "Matieu"]
[Result "1-0"]
[WhiteElo "1874"]
[BlackElo "1854"]

1. e4 c5 2. Bc4 Nf6 3. Nc3 d6 4. Nf3 g6 5. Ng5 e6 6. O-O Bg7 7. Bb5+ Bd7 8.
Bxd7+ Qxd7 9. d3 O-O 10. Be3 Nc6 11. Ne2 Ng4 12. Bc1 f5 13. h3 Nge5 14. f4 Nf7
15. exf5 exf5 16. c3 Nxg5 17. fxg5 Rae8 18. Nf4 Re6 19. Nxe6 Qxe6 20. Bf4 d5 21.
a3 Be5 22. Re1 Re8 23. d4 cxd4 24. cxd4 Bxd4+ 25. Kh1 Qd7 26. Rxe8+ Qxe8 27. Qb3
Be5 28. Qxd5+ Kg7 29. Re1 1-0

[Event "AUTO-ADV-1104"]
[Site "http://www.queenalice.com/game.php?id=491292"]
[Date "2008.11.10"]
[Round "1"]
[White "Matieu"]
[Black "sia"]
[Result "0-1"]
[WhiteElo "1871"]
[BlackElo "1831"]

1. d4 d6 2. c4 Nf6 3. Nc3 Nbd7 4. e4 a6 5. Nf3 e6 6. Bg5 Be7 7. Be2 O-O 8. O-O
c6 9. Re1 d5 10. Bd3 b5 11. c5 dxe4 12. Nxe4 Nd5 13. Bxe7 Nxe7 14. Qc2 Nf5 15.
Ned2 Qf6 16. Bxf5 exf5 17. Ne5 Nxe5 18. dxe5 Qg5 19. Nf3 Qg4 20. Nd4 Qxd4 21. e6
fxe6 22. Rxe6 Bxe6 0-1

[Event "AUTO-ADV-1104"]
[Site "http://www.queenalice.com/game.php?id=491293"]
[Date "2008.11.10"]
[Round "1"]
[White "sia"]
[Black "Matieu"]
[Result "1-0"]
[WhiteElo "1832"]
[BlackElo "1895"]

1. g3 d5 2. d3 Nf6 3. Bg2 Bf5 4. Bg5 e6 5. Nd2 c5 6. Ngf3 Be7 7. O-O Qb6 8. Nh4
Bg4 9. Nb3 h6 10. Bc1 O-O 11. Bd2 Nc6 12. Qc1 Rad8 13. Bxh6 gxh6 14. Qxh6 c4 15.
dxc4 dxc4 16. Qg5+ Kh8 17. Qh6+ Nh7 18. Be4 Bf5 19. Nxf5 Bg5 20. Qg7# 1-0

[Event "Challenge"]
[Site "http://www.queenalice.com/game.php?id=502451"]
[Date "2008.12.4"]
[Round "-"]
[White "Matieu"]
[Black "patlang"]
[Result "1-0"]
[WhiteElo "1897"]
[BlackElo "1947"]

1. d4 d5 2. c4 dxc4 3. Nf3 Bg4 4. Ne5 Be6 5. e4 Nd7 6. Nxc4 Bxc4 7. Bxc4 Nb6 8.
Bd3 c6 9. Be3 e6 10. Nc3 Nf6 11. f4 h5 12. h3 Qc7 13. O-O Be7 14. Qf3 Qd7 15. a4
Rd8 16. a5 Nc8 17. a6 b6 18. e5 Nd5 19. Nxd5 exd5 20. f5 f6 21. Qg3 fxe5 22.
dxe5 Bc5 23. Bxc5 bxc5 24. Qg6+ Qf7 25. Qxc6+ Kf8 26. f6 g6 27. e6 Qh7 28. e7+
1-0

[Event "Challenge"]
[Site "http://www.queenalice.com/game.php?id=502513"]
[Date "2008.12.4"]
[Round "-"]
[White "valleenathan"]
[Black "Matieu"]
[Result "1-0"]
[WhiteElo "1368"]
[BlackElo "1891"]

1. e4 e6 2. d4 d5 3. c4 dxe4 4. Nc3 Nf6 5. Bg5 Nbd7 6. Nxe4 h6 7. Nxf6+ Nxf6 8.
Bh4 Bb4+ 9. Ke2 O-O 10. Nf3 b5 11. Qb3 a5 12. a3 bxc4 13. Qxc4 Ba6 14. Rc1 Bxc4+
15. Kd1 Bxf1 16. Rxf1 Bd6 17. Re1 g5 18. Bg3 Bxg3 19. hxg3 Rc8 20. Re5 Ng4 21.
Re2 c5 22. Rd2 cxd4 23. Rxc8 Qxc8 24. Rxd4 Rd8 25. Rxd8+ Qxd8+ 26. Ke1 Qb6 27.
Kd1 Qxf2 28. Kc1 Qxg2 29. Ne1 Qxg3 30. Kd1 1-0

[Event "Challenge"]
[Site "http://www.queenalice.com/game.php?id=509101"]
[Date "2008.12.17"]
[Round "-"]
[White "RAFAELI"]
[Black "Matieu"]
[Result "0-1"]
[WhiteElo "1783"]
[BlackElo "1910"]

1. e4 c5 2. Bc4 Nf6 3. f3 d5 4. exd5 Nxd5 5. Bxd5 Qxd5 6. Nc3 Qd8 7. Nge2 Nc6 8.
Ne4 e6 9. c3 Be7 10. g3 O-O 11. f4 b5 12. Qc2 Qb6 13. Ng5 Bxg5 14. fxg5 Ne5 15.
Qe4 Bb7 16. Qxe5 Bxh1 17. Nf4 c4 18. Nh5 Qg1+ 19. Ke2 Qxh2+ 20. Kf1 Qxh5 21. d4
f6 22. Qxe6+ Kh8 23. Qe2 fxg5+ 24. Bf4 Qh3+ 25. Kg1 gxf4 26. Qh2 Qxh2+ 27. Kxh2
Bd5 28. gxf4 Rxf4 29. Re1 Rf2+ 30. Kg3 Rxb2 31. Re5 Rd8 32. a3 Rg2+ 33. Kf4 Rf8+
34. Rf5 Rf2+ 0-1

[Event "Challenge"]
[Site "http://www.queenalice.com/game.php?id=512350"]
[Date "2008.12.25"]
[Round "-"]
[White "Matieu"]
[Black "Zell49"]
[Result "0-1"]
[WhiteElo "1921"]
[BlackElo "1492"]

1. d4 d5 2. c4 c6 3. Nc3 e6 4. Nf3 dxc4 5. e4 b5 6. Be2 Nf6 7. O-O Bb4 8. a3
Bxc3 9. bxc3 Nxe4 10. Qc2 Qd5 11. Ne5 Nd7 12. f3 Nef6 13. f4 a5 14. Bf3 Qd6 15.
Bxc6 Rb8 16. a4 b4 17. Bb5 O-O 18. Nxc4 Qd5 19. Ne5 Nxe5 20. fxe5 Ne4 21. cxb4
Qxd4+ 22. Kh1 Bb7 23. Qb2 Nc3 24. Ra3 Nxb5 25. Qxd4 Nxd4 26. Rd1 Nc2 27. Rb3
Nxb4 28. Bd2 Na6 29. Bxa5 Bxg2+ 30. Kxg2 Rxb3 31. Rd6 Nc5 32. Rd4 Nd3 33. Bd2
Nxe5 34. a5 Ra8 35. a6 h6 36. Rd6 Ra3 37. Bf4 Ng6 38. Bg3 R3xa6 39. Rd7 Ra2+ 0-1